| 000 | 01407cam a2200373 a 4500 | ||
|---|---|---|---|
| 001 | 17535683 | ||
| 003 | NUST - PNEC | ||
| 005 | 20170116181200.0 | ||
| 008 | 121120r2011 pk b 000 0 eng | ||
| 010 | _a 2012430916 | ||
| 020 | _a9789693525519 | ||
| 020 | _a9693525515 | ||
| 025 | _aP-E-2012430916; 31 | ||
| 037 |
_bLibrary of Congress -- Islamabad Overseas Office _cRs 990 |
||
| 040 |
_aDLC _cLIBRARY |
||
| 042 |
_alcode _apcc |
||
| 043 | _aa-pk--- | ||
| 082 | _a954.915 MCC | ||
| 100 |
_916338 _aMcconaghey, I.A. |
||
| 245 | 0 | 0 |
_aSibi District 1907: Baluchistan District gazetteer series _ccompiled by A. McConaghey ; assisted by Rai Sahib Diwan Jamiat Rai. |
| 260 |
_aLahore : _bSang-e-Meel Publications, _c2012. |
||
| 300 |
_axvii, 385 p. ; _c24 cm. |
||
| 490 | 0 | _aBaluchistan district gazetteer series | |
| 500 | _aReprint: Orginally published: Bombay : The Times Press, 1907. | ||
| 504 | _aIncludes bibliographical references (p. 313-314). | ||
| 650 | _xGeneral | ||
| 651 | 0 | _aSibi District (Pakistan) | |
| 700 | 1 | _aMcConaghey, A. | |
| 700 | 1 | _aRai, Rai Sáhib Diwán Jamiat. | |
| 856 | _uhttp://www.amazon.com/Sibi-District-1907-Baluchistan-Gazetteer/dp/9693525515/ref=sr_1_1?s=books&ie=UTF8&qid=1455005522&sr=1-1&keywords=9693525515 | ||
| 906 |
_a7 _bcbc _corigode _d3 _encip _f20 _gy-gencatlg |
||
| 942 |
_2ddc _cBK |
||
| 999 |
_c71429 _d71429 |
||